Genetical principles and plant breeding (Record no. 21163)

MARC details
000 -LEADER
fixed length control field 00426nam a2200157Ia 4500
082 ## - DEWEY DECIMAL CLASSIFICATION NUMBER
Classification number 575:581.56
Item number WIL
100 ## - MAIN ENTRY--AUTHOR NAME
Personal name WILLIAM, Watkin
245 #0 - TITLE STATEMENT
Title Genetical principles and plant breeding
260 ## - PUBLICATION, DISTRIBUTION, ETC. (IMPRINT)
Place of publication Oxford
Name of publisher Blackwell
Year of publication 1964
650 ## - SUBJECT ADDED ENTRY--TOPICAL TERM
Topical Term Genetics system
650 ## - SUBJECT ADDED ENTRY--TOPICAL TERM
Topical Term Mutation
650 ## - SUBJECT ADDED ENTRY--TOPICAL TERM
Topical Term Plant breeding technique
650 ## - SUBJECT ADDED ENTRY--TOPICAL TERM
Topical Term Plant disease resistance
942 ## - ADDED ENTRY ELEMENTS (KOHA)
Koha item type Books
Holdings
Withdrawn status Lost status Damaged status Not for loan Home library Current library Date acquired Full call number Accession Number Koha item type
        RRII Library RRII Library 16/12/2021 575:581.56 WIL 01883 Books